000 00897nam0a22002531 4500
001 v19\rc\1801610
005 20071130154544.6
035 _a(NLR Aleph) 004902619
090 _a5391327
_c5391327
100 _a20071130d1907 u y0rusy50 ca
101 0 _arus
102 _aRU
105 _ay j |||||
200 1 _aПодробный конспект учебного курса русской истории
_eПособие для учащихся
_fСост. К.В. Елпатьевский
210 _aСанкт-Петербург
_cтип. М.М. Стасюлевича
_d1907
215 _a[2], 131 с.
_d24
700 1 _aЕлпатьевский
_bК.В.
_f1854-
_gКонстантин Васильевич
_4220
801 0 _aRU
_bNLR
_gpsbo
801 0 _aRU
_bRuMoRGB
_2psbo
801 1 _aRU
_bProSoft-M
_2rusmarc
852 _aNLR
_j38.13.9.51
899 _aБАН
942 _cBOOK
980 _aNB